| 000 -LEADER | |
|---|---|
| fixed length control field | 00352nam a22001097a 4500 |
| 020 ## - INTERNATIONAL STANDARD BOOK NUMBER | |
| ISBN | 9781861241979 |
| 050 ## - LIBRARY OF CONGRESS CALL NUMBER | |
| Classification number | HD38.5 |
| 245 ## - TITLE STATEMENT | |
| Title | Passnote: managing purchasing and supply relationships: CIPS, study matters level 4: foundation Diploma in purchasing and supply |
| 260 ## - PUBLICATION, DISTRIBUTION, ETC. (IMPRINT) | |
| Place of publication | Stamford |
| Name of publisher | Profex Publishing Ltd |
| Year of publication | 2010 |
| 300 ## - PHYSICAL DESCRIPTION | |
| Number of Pages | iv, 59p.:ill |
| 942 ## - ADDED ENTRY ELEMENTS (KOHA) | |
| Koha item type | Books |
No copies available.

